00536nam a2200157Ia 4500100002300000650002100023942000700044366000700051245008600058260001900144082001700163300000800180546002300188999001700211952015000228 aUpadhyaya/Shambhu  aMobile computing cBK f25 aMobile computing:Implementing pervasive information and communication tecnologies bSpringerc2002 a621.382bUPA a216 aENGLISHcComputers c22381d22381 001040708CRCaCRCEbCRCEd2023-03-17eAllied Publishersg446.25i2821 dt 19/02/2013l0o621.382 UPAp22569r2023-03-17v595.00w0000-00-00yBK